000 01038cam a2200289 4500
008 000000n2000 000 0 eng u
020 _a1873394373
035 _a(Sirsi) u105038
041 _aeng
050 _a690.231
100 _aLatham, Derek
245 _aCreative re-use of buildings : volume 2 types : selected examples
260 _aShaftesbury, Dorset
_bDonhead
_c2000
300 _ax, 206p. ill. ; 28cm.
350 _a80.00
520 _aThis 2 volume publication explains how to identify appropriate uses for buildings and discusses the choices between design, intervention, repair and replication and when to use new techniques or traditional skills. It also offers advice on how to encourage both planners and funders to support proposals involving re-use.
650 _aRE-USE
650 _aREUSE
650 _aCONVERSIONS
650 _aRESTORATION
650 _aOLDER BUILDINGS
650 _aREPAIRS
650 _aDESIGN
650 _aARCHITECTURE
690 _aRefurbishment
_96264
942 _n0
999 _c100322
_d100322